| 000 | 00668 a2200181 4500 | ||
|---|---|---|---|
| 003 | Nust | ||
| 005 | 20170207153154.0 | ||
| 040 | _cNust | ||
| 082 | _a005.8 | ||
| 100 | _aKhan, Muzammil Ahmed ( MSIS-3) | ||
| 245 |
_aPerformance and security analysis of IEEE 802.1X authentication methods _cMuzammil Ahmed Khan |
||
| 260 |
_bMCS (NUST) _c2007 _aRawalpindi |
||
| 300 | _axii, 92 p. | ||
| 505 | _aIntroduction (page-1) Overview of IEEE 802.11 standard (page-4) 802.1x-authentication methods (page-15) Methodology (page-24) Experimental evalution and analysis (page-35) Conclusion (page-88) | ||
| 538 | _aAlmirah No 70 Shelf No 3 | ||
| 650 | _aPG Thesis | ||
| 651 | _aMSIS-3 | ||
| 942 | _cTHS | ||
| 999 |
_c180687 _d180687 |
||